Statistics for The Life of Jesus

Click here to take the quiz!

General Stats

  • This quiz has been taken 65 times
  • The average score is 12 of 19

Answer Stats

HintAnswer% Correct
Who was Jesus’ mother?Mary
98%
And who was His earthly father?Joseph
95%
How many disciples did He choose?12
89%
Which disciple betrayed Him?Judas Iscariot
89%
His first miracle was turning water into what?Wine
89%
He rode into Jerusalem on a what?Donkey / Ass / Mule / Colt
86%
What structure did He die on?Cross
77%
What age roughly did He die?30
68%
Name one of the gifts given to Him as a childGold / Myrrh / Frankincense
65%
Who doubted His ressurection?Thomas
65%
What did He change His disciple Simon’s name to?Peter
63%
How many men did He feed with five loaves and two fish?5,000
51%
The day above He did this is known as what?Palm Sunday
51%
What does that name mean?Pebble / Rock
42%
Who ordered Him dead as a child?King Herod
39%
Who were the religious leaders who hated Him?Pharisees / Scribes / Sadducees
39%
Who was the first to see Him after His death?Mary Magdalene
33%
And what did the above mistake Him for?Gardener
21%
In what spectacle did He appear alongside Elijah and Moses?Transfiguration
16%

Score Distribution

Percentile by Number Answered

Percent of People with Each Score

Your Score History

You have not taken this quiz